| 000 | 01072nam2a2200253 4500 | ||
|---|---|---|---|
| 001 | RU\NLR\b_ik\195088 | ||
| 005 | 20250616231244.0 | ||
| 010 |
_a978-5-7964-1447-7 _9400 |
||
| 035 | _a(NLR Aleph) 002267498 | ||
| 090 |
_a3904259 _c3904259 |
||
| 100 | _a20120503d2011 |||y0rusy50 ca | ||
| 101 | 0 | _aeng | |
| 102 | _aRU | ||
| 105 | _aa ||||||||| | ||
| 200 | 0 | _aVol. 1 | |
| 210 |
_d2011 _aБ. м. |
||
| 215 |
_a241 с. _cил. |
||
| 320 | _aБиблиогр. в конце докл. | ||
| 320 | _aУказ.: с. 235-240 | ||
| 461 | 0 |
_1001RU\NLR\b_ik\197666 _12001#$aXVIII International conference on chemical thermodynamics in Russia, Samara, Russian Federation, October 3-7, 2011$eabstracts$vVol. 1$90 _93937781 _aInternational conference on chemical thermodynamics in Russia (18 ; 2011 ; Samara) _cSamara _d2011 _nSamara state technical university _oabstracts _tXVIII International conference on chemical thermodynamics in Russia, Samara, Russian Federation, October 3-7, 2011 _vVol. 1$90 |
|
| 801 | 0 |
_aRU _bNLR _c20120503 _gRCR |
|
| 942 | _cBOOK | ||
| 980 | _aNB | ||